Wirtschaftlichkeit durch geordnetes Rechnungswesen und Betriebsuntersuchungen

Guardado en:
Detalles Bibliográficos
Formato: Libro
Lenguaje:alemán
Publicado: Leipzig Reichskuratorium für Wirtschaftlichkeit 1945
Etiquetas: Agregar Etiqueta
Sin Etiquetas, Sea el primero en etiquetar este registro!

MARC

LEADER 00000nam a2200000 4500
001 0267749
005 20240822101710.1
041 0 |a ger 
044 |a DE 
245 1 0 |a Wirtschaftlichkeit durch geordnetes Rechnungswesen und Betriebsuntersuchungen 
264 1 |a Leipzig  |b Reichskuratorium für Wirtschaftlichkeit  |c 1945